Sunglasses - Black country, New road lyrics - Statistics

General Stats
  • This quiz has been taken 29 times
  • The average score is 345 of 457
Answer Stats
Answer % Correct
a
100%
sunglasses
100%
the
100%
am
95%
I
95%
in
95%
my
95%
these
95%
and
90%
And
90%
of
90%
to
90%
you
90%
be
86%
father
86%
her
86%
invincible
86%
me
86%
at
81%
like
81%
more
81%
part
81%
she
81%
that
81%
TV
81%
Welcome
81%
all
76%
crime
76%
drama
76%
grip
76%
IQs
76%
Kanye
76%
lowering
76%
mother
76%
myself
76%
new
76%
night
76%
out
76%
rising
76%
skirt
76%
than
76%
things
76%
this
76%
whiskey
76%
with
76%
absolute
71%
aren't
71%
best
71%
British
71%
cannot
71%
complain
71%
courtesy
71%
Danish
71%
daytime
71%
engineering
71%
grips
71%
hearts
71%
hems
71%
is
71%
jack
71%
kitchen
71%
leave
71%
looking
71%
no
71%
nutri-bullet
71%
rooms
71%
room's
71%
so
71%
tell
71%
they
71%
used
71%
adequate
67%
become
67%
built
67%
frail
67%
future
67%
hands
67%
ice
67%
juicing
67%
just
67%
light
67%
living
67%
mediocre
67%
on
67%
parts
67%
pinnacle
67%
single
67%
six
67%
sum
67%
way
67%
bite
62%
buys
62%
everything
62%
Fonz
62%
glows
62%
have
62%
herself
62%
ignorant
62%
I'm
62%
lose
62%
marble
62%
now
62%
remind
62%
Scott
62%
steams
62%
stop
62%
theatre
62%
Walker
62%
watermelons
62%
wish
62%
would
62%
your
62%
area
57%
cabinet
57%
downstairs
57%
dressing
57%
eyes
57%
gold
57%
Hell
57%
island
57%
its
57%
job
57%
kids
57%
learnt
57%
malt
57%
modern
57%
pig
57%
Richard
57%
second
57%
smooth
57%
talker
57%
up
57%
blades
52%
blue
52%
breakfast
52%
burn
52%
could
52%
daddy's
52%
kept
52%
left
52%
photographs
52%
surprisingly
52%
wall
52%
what's
52%
wraparound
52%
cards
48%
fortress
48%
free
48%
larder
48%
sertraline
48%
tinted
48%
chemtrails
43%
nails
43%
sells
43%
students
43%
touch
43%
translucent
43%
away
38%
locked
38%
try
38%
Bedales
33%
from
33%
Shellac
33%
high-tech
29%
Yes
29%
No matching quizzes found
Score Distribution
Percent of People with Each Score
Percentile by Number Answered
Your Score History
You have not taken this quiz